[Event "12 Ketrzynski Festiwal Szachowy - open A"]
[Site "Ketrzyn"]
[Date "2009.12.30"]
[Round "8.3"]
[White "Baturo, Tomasz"]
[Black "Drozdowski, Kacper"]
[Result "0-1"]
[WhiteElo "2053"]
[BlackElo "2198"]
[PlyCount "126"]
[EventDate "2009.??.??"]

1. e4 c5 2. c3 d5 3. exd5 Qxd5 4. d4 Nc6 5. Nf3 Bg4 6. Be2 cxd4 7. cxd4 e6 8.
Nc3 Bb4 9. O-O Bxc3 10. bxc3 Nge7 11. Qb3 Qd7 12. Rd1 Bxf3 13. Bxf3 O-O 14. Rb1
b6 15. Ba3 Rfc8 16. Qb5 Nd5 17. Bxd5 exd5 18. Re1 Re8 19. h3 Rad8 20. Rbd1 h6
21. Rxe8+ Qxe8 22. Qa6 Qe6 23. Bc1 Re8 24. Be3 Rd8 25. Rc1 Qc8 26. Qxc8 Rxc8
27. c4 dxc4 28. Rxc4 Ne7 29. Rxc8+ Nxc8 30. Kf1 Kf8 31. Ke2 Ke7 32. Kd3 Ke6 33.
Bc1 Kd5 34. Ba3 h5 35. f3 a6 36. g4 g6 37. h4 Na7 38. Bb2 Nc6 39. gxh5 gxh5 40.
Ke3 Ne7 41. Kf4 f6 42. Ba1 Ng6+ 43. Kg3 f5 44. Bb2 f4+ 45. Kh3 Nf8 46. Kg2 Ne6
47. Kf2 Nxd4 48. Bc1 Ne6 49. Ke2 Kc4 50. Bb2 Nd4+ 51. Kf2 Kd3 52. Ba3 b5 53.
Bd6 Ne6 54. a3 a5 55. Be7 Nd4 56. Bd6 Ne2 57. Be7 Nc3 58. Bd6 Nd5 59. Bc5 b4
60. axb4 axb4 61. Ke1 b3 62. Ba3 Ne3 63. Bc1 Nc4 0-1

[Event "12 Ketrzynski Festiwal Szachowy - open A"]
[Site "Ketrzyn"]
[Date "2009.12.30"]
[Round "8.4"]
[White "Kobus, Sebastian"]
[Black "Budrewicz, Krzysztof"]
[Result "1-0"]
[WhiteElo "2074"]
[BlackElo "2317"]
[PlyCount "91"]
[EventDate "2009.??.??"]

1. e4 c6 2. d4 d5 3. Nc3 dxe4 4. Nxe4 Nf6 5. Nxf6+ gxf6 6. Bc4 Bf5 7. Ne2 e6 8.
Ng3 Bg6 9. O-O h5 10. Re1 Nd7 11. Bf4 Nb6 12. Bb3 Nd5 13. Bd2 h4 14. Nf1 h3 15.
g3 b5 16. a4 a6 17. Ne3 Nxe3 18. Bxe3 Be4 19. axb5 axb5 20. Bf4 Bd5 21. Bxd5
cxd5 22. Qd3 Ra5 23. Qc3 Ra4 24. b3 Bb4 25. Qc6+ Qd7 26. Qxd7+ Kxd7 27. bxa4
Bxe1 28. Rxe1 bxa4 29. Ra1 Ra8 30. Bc1 Kc6 31. Kf1 Kb5 32. Ke2 Kc4 33. Bb2 e5
34. Kd2 e4 35. Ra3 Kb4 36. g4 Rg8 37. Rg3 Kc4 38. Rxh3 Rxg4 39. Rc3+ Kb4 40.
Ba3+ Kb5 41. Rc5+ Kb6 42. Rxd5 Rf4 43. Ke2 Rf3 44. Bc5+ Kb5 45. Rd7 Kc4 46. Re7
1-0

[Event "12 Ketrzynski Festiwal Szachowy - open A"]
[Site "Ketrzyn"]
[Date "2009.12.30"]
[Round "8.6"]
[White "Kotlowski, Tomasz"]
[Black "Renkowski, Piotr"]
[Result "0-1"]
[WhiteElo "2019"]
[BlackElo "1793"]
[PlyCount "56"]
[EventDate "2009.??.??"]

1. e4 e6 2. d4 d5 3. Nd2 Nf6 4. e5 Nfd7 5. Bd3 c5 6. c3 Nc6 7. Ne2 Qb6 8. Nf3
Be7 9. O-O f6 10. Nf4 fxe5 11. Nxe5 Ndxe5 12. dxe5 Nxe5 13. Qh5+ Nf7 14. Bxh7
e5 15. Nxd5 Qd6 16. Rd1 Kf8 17. Nf4 Rxh7 18. Qf3 Qh6 19. Nd5 Qxh2+ 20. Kf1 Qh1+
21. Ke2 Qh5 22. Qxh5 Rxh5 23. Be3 b6 24. a4 Ba6+ 25. Kf3 Bb7 26. c4 a5 27. Kg4
Rh4+ 28. Kg3 Bxd5 0-1

[Event "12 Ketrzynski Festiwal Szachowy - open A"]
[Site "Ketrzyn"]
[Date "2009.12.30"]
[Round "8.7"]
[White "Wisniewski, Adam"]
[Black "Kanarkiewicz, Michal"]
[Result "1/2-1/2"]
[WhiteElo "2074"]
[BlackElo "1898"]
[PlyCount "57"]
[EventDate "2009.??.??"]

1. e4 c5 2. Nf3 d6 3. c3 Nf6 4. Be2 Nc6 5. Qc2 g6 6. d4 Bg7 7. O-O O-O 8. a3
cxd4 9. cxd4 Bg4 10. Be3 a6 11. Nc3 Rc8 12. h3 Bxf3 13. Bxf3 e5 14. Qd3 Nd7 15.
dxe5 Ndxe5 16. Qe2 Nxf3+ 17. gxf3 Qh4 18. Kg2 f5 19. Rad1 f4 20. Bb6 Rfe8 21.
Rxd6 Re5 22. Rd5 Rce8 23. Rfd1 h5 24. Rxe5 Nxe5 25. Bd4 Kh7 26. Bxe5 Rxe5 27.
Rd5 Rg5+ 28. Rxg5 Qxg5+ 29. Kh2 1/2-1/2

[Event "12 Ketrzynski Festiwal Szachowy - open A"]
[Site "Ketrzyn"]
[Date "2009.12.30"]
[Round "8.8"]
[White "Vaitonis, Vytautas"]
[Black "Reza, Wojciech"]
[Result "1/2-1/2"]
[WhiteElo "2051"]
[BlackElo "1926"]
[PlyCount "71"]
[EventDate "2009.??.??"]

1. d4 Nf6 2. Nf3 g6 3. g3 Ng8 4. c4 Bg7 5. Bg2 Nf6 6. O-O O-O 7. Re1 d6 8. Nc3
Nc6 9. h3 e5 10. e4 Nd7 11. Be3 exd4 12. Nxd4 Nxd4 13. Bxd4 Bxd4 14. Qxd4 Ne5
15. f4 c5 16. Qd1 Nxc4 17. b3 Na5 18. e5 dxe5 19. Rxe5 Qd4+ 20. Qxd4 cxd4 21.
Rxa5 dxc3 22. Rc5 Be6 23. Rxc3 Rac8 24. Rac1 b6 25. Rxc8 Rxc8 26. Rxc8+ Bxc8
27. b4 Kf8 28. Kf2 Ke7 29. Ke3 Kd6 30. Kd4 f6 31. h4 h6 32. a3 Bf5 33. Bf3 Bd7
34. Be4 g5 35. Bd5 Bg4 36. Bb7 1/2-1/2

[Event "12 Ketrzynski Festiwal Szachowy - open A"]
[Site "Ketrzyn"]
[Date "2009.12.30"]
[Round "8.9"]
[White "Barsciauskas, Gintautas"]
[Black "Zielinski, Stanislaw"]
[Result "0-1"]
[WhiteElo "1904"]
[BlackElo "2159"]
[PlyCount "107"]
[EventDate "2009.??.??"]

1. d3 e5 2. e4 Nf6 3. Be2 d5 4. Nd2 c6 5. Ngf3 Qc7 6. O-O Be7 7. c3 O-O 8. a3
Nbd7 9. b4 Rd8 10. Qc2 Nf8 11. Ne1 Ng6 12. g3 a5 13. Bb2 Bh3 14. Ng2 Rd7 15.
Rfd1 Rad8 16. Nf1 Bg4 17. h4 Bxe2 18. Qxe2 dxe4 19. dxe4 Rxd1 20. Rxd1 Rxd1 21.
Qxd1 Nxe4 22. h5 Nf8 23. Qe2 Nf6 24. Nge3 N8d7 25. Nf5 Bf8 26. Nh2 g6 27. hxg6
hxg6 28. Ne3 b5 29. Nf3 e4 30. Nd4 axb4 31. cxb4 Qd6 32. Nf1 Bg7 33. Nd2 Qd5
34. N4b3 Ne5 35. Bxe5 Qxe5 36. Nf1 Nd5 37. Nc5 f5 38. Nb3 Qb2 39. Qd1 Qxa3 40.
Na5 Qc3 41. g4 f4 42. g5 Qe5 43. Qg4 Qf5 44. Qxf5 gxf5 45. Nxc6 Bc3 46. Kg2 Kg7
47. Kh3 Bxb4 48. Nd4 Kg6 49. Nxb5 Bc5 50. Kg2 e3 51. fxe3 fxe3 52. Kf3 Kxg5 53.
Ng3 Kf6 54. Ne2 0-1

[Event "12 Ketrzynski Festiwal Szachowy - open A"]
[Site "Ketrzyn"]
[Date "2009.12.30"]
[Round "8.10"]
[White "Obiedzinski, Pawel"]
[Black "Usakovas, Jevgenijus"]
[Result "1-0"]
[WhiteElo "2019"]
[BlackElo "2139"]
[PlyCount "51"]
[EventDate "2009.??.??"]

1. e4 c5 2. Nf3 d6 3. d4 cxd4 4. Qxd4 Nc6 5. Bb5 Bd7 6. Bxc6 Bxc6 7. Nc3 Nf6 8.
Bg5 e6 9. O-O-O Be7 10. Rhe1 Qa5 11. Qd2 O-O 12. Kb1 Qb6 13. Nd4 Rfd8 14. f3 a6
15. g4 Be8 16. h4 Rac8 17. h5 h6 18. Be3 Qc7 19. Rh1 d5 20. g5 hxg5 21. Bxg5
dxe4 22. Rdg1 e5 23. Bh6 g6 24. Bg7 Kxg7 25. hxg6 Ng4 26. Rxg4 1-0

[Event "12 Ketrzynski Festiwal Szachowy - open A"]
[Site "Ketrzyn"]
[Date "2009.12.30"]
[Round "8.11"]
[White "Kapica, Pawel"]
[Black "Kaczmarek, Arkadiusz"]
[Result "0-1"]
[WhiteElo "1833"]
[BlackElo "2019"]
[PlyCount "100"]
[EventDate "2009.??.??"]

1. d4 d5 2. c4 c6 3. Nf3 Nf6 4. e3 Bf5 5. Be2 e6 6. O-O Nbd7 7. Nc3 Bd6 8. Bd2
h6 9. Rc1 O-O 10. a3 a6 11. Re1 Qe7 12. b4 e5 13. dxe5 Nxe5 14. cxd5 cxd5 15.
Qb3 Rad8 16. Nxd5 Nxd5 17. Qxd5 Nxf3+ 18. Qxf3 Be4 19. Qh5 Bxh2+ 20. Kxh2 Rxd2
21. Qc5 Qh4+ 22. Kg1 Rd5 23. Qc7 Bxg2 24. Qh2 Qxh2+ 25. Kxh2 Be4 26. Rc4 Bd3
27. Rc7 Bxe2 28. Rxe2 Rb8 29. Kg3 Kf8 30. Kf4 Ke8 31. Rec2 Rd7 32. a4 Rbd8 33.
b5 axb5 34. axb5 Rxc7 35. Rxc7 Rd7 36. Rc5 Ke7 37. Ke5 g6 38. f4 f6+ 39. Ke4
Kd6 40. Rc8 f5+ 41. Kd4 Ke6+ 42. Kc5 Kf7 43. Kb6 g5 44. fxg5 hxg5 45. Rc1 Re7
46. Ka7 Ke6 47. b6 g4 48. Rc7 g3 49. Rc1 g2 50. Rg1 Rg7 0-1

[Event "12 Ketrzynski Festiwal Szachowy - open A"]
[Site "Ketrzyn"]
[Date "2009.12.30"]
[Round "9.1"]
[White "Piesik, Piotr"]
[Black "Gawronski, Miroslaw"]
[Result "1/2-1/2"]
[WhiteElo "2270"]
[BlackElo "2193"]
[PlyCount "91"]
[EventDate "2009.??.??"]

1. Nf3 d5 2. g3 c5 3. Bg2 Nc6 4. O-O e5 5. d3 g6 6. Nbd2 Bg7 7. e4 d4 8. Ne1
Nge7 9. f4 f6 10. f5 O-O 11. Bh3 Bd7 12. fxg6 hxg6 13. Bxd7 Qxd7 14. Qe2 Kf7
15. Nef3 Rh8 16. Nc4 Kg8 17. a4 Rf8 18. Bd2 b6 19. Rf2 Nd8 20. b3 Nf7 21. Raf1
Bh6 22. Bxh6 Rxh6 23. Nfxe5 fxe5 24. Rxf7 Rxf7 25. Rxf7 Qe6 26. Rf2 Kg7 27. Nd2
Ng8 28. Nf3 Nf6 29. Ng5 Qe7 30. h4 Rh8 31. Qf1 Rc8 32. Qh3 Rc6 33. Kh2 a6 34.
Nf3 b5 35. axb5 axb5 36. Nd2 {(=)} Ra6 37. Qc8 Ra1 38. Nf3 c4 39. bxc4 bxc4 40.
Ng5 cxd3 41. cxd3 Ra3 42. Ne6+ Kh7 43. Ng5+ Kg7 44. Ne6+ Kh7 45. Ng5+ Kg7 46.
Ne6+ 1/2-1/2

[Event "12 Ketrzynski Festiwal Szachowy - open A"]
[Site "Ketrzyn"]
[Date "2009.12.30"]
[Round "9.2"]
[White "Drozdowski, Kacper"]
[Black "Dambrauskas, Virginijus"]
[Result "1/2-1/2"]
[WhiteElo "2198"]
[BlackElo "2364"]
[PlyCount "66"]
[EventDate "2009.??.??"]

1. e4 c5 2. Nf3 e6 3. d4 cxd4 4. Nxd4 a6 5. Bd3 Qc7 6. O-O Nc6 7. Nxc6 bxc6 8.
f4 d6 9. Kh1 Nf6 10. Nd2 Be7 11. Nc4 d5 12. Nd2 h5 13. e5 Ng4 14. Qe2 Qb6 15.
Nf3 Bc5 16. h3 g6 17. Rb1 a5 18. g3 Nf2+ 19. Kg2 Nxd3 20. cxd3 Be7 21. Be3 c5
22. Nd2 Ba6 23. Rfd1 Qb5 24. Nf3 Qc6 25. Rbc1 Qb5 26. Qc2 Rb8 27. Bxc5 Qxb2 28.
Bxe7 Kxe7 29. Rd2 Qxc2 30. Rdxc2 Rhc8 31. Rxc8 Bxc8 32. Nd4 Bd7 33. Kf3 Rb2
1/2-1/2

[Event "12 Ketrzynski Festiwal Szachowy - open A"]
[Site "Ketrzyn"]
[Date "2009.12.30"]
[Round "9.4"]
[White "Renkowski, Piotr"]
[Black "Kobus, Sebastian"]
[Result "1-0"]
[WhiteElo "1793"]
[BlackElo "2074"]
[PlyCount "137"]
[EventDate "2009.??.??"]

1. e4 e5 2. Nf3 Nf6 3. Nc3 Bb4 4. Bc4 d6 5. d3 O-O 6. Bg5 Be6 7. Bb3 h6 8. Bh4
a5 9. O-O Bxc3 10. bxc3 a4 11. Bxe6 fxe6 12. Rb1 Qc8 13. Bxf6 Rxf6 14. d4 exd4
15. cxd4 Nc6 16. e5 dxe5 17. dxe5 Rf5 18. Nd4 Rxe5 19. Nxc6 bxc6 20. Qd4 Rd5
21. Qe4 Qd7 22. Rfe1 Rd6 23. h3 Rf8 24. Qxa4 Rd2 25. Rf1 Qd5 26. Rb4 Qc5 27.
Rf4 Rxc2 28. Rxf8+ Kxf8 29. Qf4+ Kg8 30. Qxc7 Rxa2 31. Qc8+ Kh7 32. Qxe6 Qd5
33. Qxd5 cxd5 34. Rd1 Ra5 35. Kf1 Kg6 36. Ke2 Kf5 37. Ke3 Ke5 38. f4+ Kd6 39.
g4 Ra3+ 40. Rd3 Ra4 41. h4 Ra1 42. h5 Re1+ 43. Kf2 Re7 44. Re3 Ra7 45. g5 d4
46. Re8 Rf7 47. gxh6 gxh6 48. Kf3 Kd5 49. Rd8+ Kc4 50. Ke4 Re7+ 51. Kf5 d3 52.
Kg6 Kc3 53. f5 d2 54. f6 Re3 55. Rxd2 Kxd2 56. Kxh6 Re1 57. f7 Rf1 58. Kg7 Rg1+
59. Kf8 Rh1 60. h6 Kc3 61. Ke8 Re1+ 62. Kd8 Rd1+ 63. Kc8 Ra1 64. h7 Ra8+ 65.
Kd7 Rh8 66. Ke6 Kc4 67. Kf6 Kd5 68. Kg7 Ke6 69. f8=Q 1-0

[Event "12 Ketrzynski Festiwal Szachowy - open A"]
[Site "Ketrzyn"]
[Date "2009.12.30"]
[Round "9.5"]
[White "Wisniewski, Adam"]
[Black "Puczylowski, Marcin"]
[Result "1-0"]
[WhiteElo "2074"]
[BlackElo "2084"]
[PlyCount "63"]
[EventDate "2009.??.??"]

1. e4 c5 2. c3 d5 3. exd5 Qxd5 4. d4 Nc6 5. Nf3 Bg4 6. Be2 cxd4 7. cxd4 e6 8.
O-O Nf6 9. h3 Bh5 10. Nc3 Qa5 11. Be3 Be7 12. Qb3 Qb4 13. Qxb4 Bxb4 14. g4 Bg6
15. Ne5 O-O 16. Bf3 Na5 17. g5 Bxc3 18. bxc3 Nd5 19. c4 Ne7 20. d5 exd5 21.
cxd5 Rfd8 22. Bd2 Nc4 23. Nxc4 Bd3 24. Rfc1 Nxd5 25. Ne5 Ba6 26. Ba5 b6 27. Nc6
bxa5 28. Nxd8 Rxd8 29. Rd1 Bc4 30. Bxd5 Bxd5 31. Rac1 Rc8 32. Rxc8# 1-0

[Event "12 Ketrzynski Festiwal Szachowy - open A"]
[Site "Ketrzyn"]
[Date "2009.12.30"]
[Round "9.6"]
[White "Zielinski, Stanislaw"]
[Black "Budrewicz, Krzysztof"]
[Result "1/2-1/2"]
[WhiteElo "2159"]
[BlackElo "2317"]
[PlyCount "41"]
[EventDate "2009.??.??"]

1. e4 c5 2. Nf3 d6 3. d4 cxd4 4. Nxd4 Nf6 5. Nc3 a6 6. Be2 e6 7. Be3 Qc7 8. O-O
Nbd7 9. f4 Be7 10. Bf3 O-O 11. Kh1 Rb8 12. a4 b6 13. Qd2 Bb7 14. Rfe1 Rfe8 15.
Qf2 Bf8 16. Nb3 Nc5 17. Nxc5 dxc5 18. e5 Nd5 19. Nxd5 Bxd5 20. Rad1 Bxf3 21.
Qxf3 1/2-1/2

[Event "12 Ketrzynski Festiwal Szachowy - open A"]
[Site "Ketrzyn"]
[Date "2009.12.30"]
[Round "9.7"]
[White "Reza, Wojciech"]
[Black "Obiedzinski, Pawel"]
[Result "1/2-1/2"]
[WhiteElo "1926"]
[BlackElo "2019"]
[PlyCount "46"]
[EventDate "2009.??.??"]

1. e4 c6 2. d4 d5 3. Nc3 dxe4 4. Nxe4 Nd7 5. Qe2 Ndf6 6. Nf3 Bg4 7. c3 Qd5 8.
Ned2 e6 9. h3 Bh5 10. g4 Bg6 11. Bg2 Bd6 12. Nh4 Qa5 13. Nc4 Qc7 14. Nxd6+ Qxd6
15. Nf5 Bxf5 16. gxf5 O-O-O 17. fxe6 Re8 18. Be3 Rxe6 19. O-O-O Nd5 20. Qd2
Nxe3 21. fxe3 Nf6 22. Qf2 Qe7 23. Rhe1 Re8 1/2-1/2

[Event "12 Ketrzynski Festiwal Szachowy - open A"]
[Site "Ketrzyn"]
[Date "2009.12.30"]
[Round "9.8"]
[White "Kaczmarek, Arkadiusz"]
[Black "Kotlowski, Tomasz"]
[Result "1/2-1/2"]
[WhiteElo "2019"]
[BlackElo "2019"]
[PlyCount "42"]
[EventDate "2009.??.??"]

1. d4 g6 2. Nf3 Bg7 3. Bg5 d6 4. e3 Nf6 5. c4 O-O 6. Nc3 c6 7. Be2 h6 8. Bh4
Nbd7 9. O-O Qc7 10. Nd2 e5 11. d5 Nh7 12. e4 f5 13. f3 g5 14. Bf2 f4 15. g4
fxg3 16. hxg3 Nhf6 17. Kg2 Nh5 18. g4 Nf4+ 19. Kg3 h5 20. gxh5 Nxh5+ 21. Kg2
Ndf6 1/2-1/2

[Event "12 Ketrzynski Festiwal Szachowy - open A"]
[Site "Ketrzyn"]
[Date "2009.12.30"]
[Round "9.9"]
[White "Usakovas, Jevgenijus"]
[Black "Vaitonis, Vytautas"]
[Result "1/2-1/2"]
[WhiteElo "2139"]
[BlackElo "2051"]
[PlyCount "48"]
[EventDate "2009.??.??"]

1. c4 Nf6 2. Nc3 g6 3. g3 Bg7 4. Bg2 O-O 5. d4 d6 6. Nf3 Nbd7 7. O-O e5 8. d5
a5 9. e4 Nc5 10. Qc2 h6 11. Ne1 Ne8 12. Nd3 Nxd3 13. Qxd3 f5 14. f3 f4 15. Bd2
g5 16. g4 h5 17. h3 Nf6 18. Kf2 c6 19. Ke2 Rf7 20. b3 Bf8 21. Rh1 Rg7 22. Rag1
Bd7 23. Bf1 Be7 24. dxc6 bxc6 1/2-1/2

[Event "12 Ketrzynski Festiwal Szachowy - open A"]
[Site "Ketrzyn"]
[Date "2009.12.30"]
[Round "9.10"]
[White "Kanarkiewicz, Michal"]
[Black "Kapica, Pawel"]
[Result "1/2-1/2"]
[WhiteElo "1898"]
[BlackElo "1833"]
[PlyCount "61"]
[EventDate "2009.??.??"]

1. e4 e6 2. d4 d5 3. exd5 exd5 4. Bd3 Bd6 5. Nf3 Qe7+ 6. Qe2 Qxe2+ 7. Bxe2 Nf6
8. Bg5 Be7 9. c3 O-O 10. O-O Bg4 11. Nbd2 Nbd7 12. h3 Bxf3 13. Nxf3 c6 14. Rfe1
Rfe8 15. Nd2 Kf8 16. Bxf6 Bxf6 17. Bg4 Bg5 18. Bxd7 Rxe1+ 19. Rxe1 Bxd2 20. Re2
Bg5 21. Bf5 Re8 22. Kf1 Rxe2 23. Kxe2 b6 24. b3 Ke7 25. c4 dxc4 26. bxc4 c5 27.
dxc5 bxc5 28. Kd3 h6 29. Be4 Kd6 30. Bd5 f5 31. Bf3 1/2-1/2